Strzelcy bramek w 27 kolejce Ekstraklasy w sezonie 20/21. - Statystyki

Ogólne statystyki
  • Ten quiz został rozwiązany 12 razy
  • Średni wynik to 10 z 13
Statystyki odpowiedzi
Mecz Piłkarz % Poprawnych
Warta Poznań - Jagiellonia Białystok 2:0 Baku
100%
Lechia Gdańsk - Legia Warszawa 0:1 Pekhart
100%
Zagłębie Lubin - Piast Gliwice 0:1 Świerczok
100%
Zagłębie Lubin - Piast Gliwice 2:2 Świerczok
100%
Warta Poznań - Jagiellonia Białystok 1:0 Trałka
92%
Raków Częstochowa - Śląsk Wrocław 2:0 Cebula
83%
Stal Mielec - Pogoń Szczecin 1:0 Flis
83%
Podbeskidzie - Lech Poznań 1:0 Roginic
67%
Górnik Zabrze - Wisła Płock 0:2 Szwoch
67%
Zagłębie Lubin - Piast Gliwice 1:1 Bashkirov
50%
Raków Częstochowa - Śląsk Wrocław 1:0 Tijanic
50%
Zagłębie Lubin - Piast Gliwice 2:1 Kruk
33%
Górnik Zabrze - Wisła Płock 0:1 Tuszyński
33%
Nie znaleziono quizów pasujących do podanych kryteriów
Rozkład punktacji
Procent ludzi z każdym wynikiem
Percentyl według liczby udzielonych odpowiedzi
Twoja historia wyników
Nie rozwiązałeś tego quizu